Statistics for FIFA 22 Premier League TOTS Nominees

Click here to take the quiz!

General Stats

  • This quiz has been taken 120 times
  • The average score is 35 of 40

Answer Stats

ClubPositionAnswer% Correct
Man CityGKEderson
100%
Man UnitedGKDavid De Gea
99%
WolvesGKJose Sa
97%
Man CityRBKyle Walker
97%
LiverpoolRBTrent Alexander-Arnold
97%
LiverpoolCBVirgil Van Dijk
97%
LiverpoolGKAlisson
96%
LiverpoolLBAndy Robertson
96%
Man CityRB/LBJoao Cancelo
95%
Man CityCBRuben Dias
95%
TottenhamSTHarry Kane
93%
LiverpoolRWMohamed Salah
93%
LiverpoolLWSadio Mane
93%
TottenhamLWHeung-Min Son
92%
LiverpoolCBJoel Matip
91%
Man CityRWRiyad Mahrez
91%
Man UnitedSTCristiano Ronaldo
90%
Man CityCM/CAMKevin De Bruyne
90%
Man CityLW/CFPhil Foden
90%
ArsenalGKAaron Ramsdale
89%
West HamCM/CDMDeclan Rice
89%
Man UnitedCAMBruno Fernandes
88%
LiverpoolSTDiogo Jota
88%
LiverpoolCDMFabinho
88%
Man CityLWRaheem Sterling
88%
Man CityCAM/CMBernardo Silva
87%
Man CityCDMRodri
87%
TottenhamCBCristian Romero
86%
ArsenalRMBukayo Saka
85%
WolvesCMRuben Neves
80%
Man CityCMIlkay Gundogan
79%
BrentfordSTIvan Toney
79%
West HamRMJarrod Bowen
78%
West HamSTMichail Antonio
78%
ArsenalCAMMartin Odegaard
77%
SouthamptonCMJames Ward-Prowse
71%
LeedsRMRaphinha
70%
Crystal PalaceCMConor Gallagher
68%
SouthamptonRB/LBKyle Walker-Peters
64%
West HamCAMSaid Benrahma
48%

Score Distribution

Percentile by Number Answered

Percent of People with Each Score

Your Score History

You have not taken this quiz